[Event "World-chT Rapid"]
[Site "Dusseldorf"]
[Date "2023.08.28"]
[Round "12"]
[White "Stegert, Jonas"]
[Black "Glock, Benjamin"]
[Result "1/2-1/2"]
[WhiteElo "1832"]
[BlackElo "1782"]
[PlyCount "231"]
[EventDate "2023.08.26"]
[EventType "team-swiss (rapid)"]
[EventRounds "12"]
[EventCountry "GER"]
[SourceTitle "CBM 215 Extra"]
[Source "ChessBase"]
[SourceDate "2023.09.30"]
[SourceVersion "1"]
[SourceVersionDate "2023.09.30"]
[SourceQuality "1"]
[WhiteTeam "Kiel Doppelbauer"]
[BlackTeam "Bayreuth Unischach"]
[WhiteTeamCountry "GER"]
[BlackTeamCountry "GER"]

1. d4 Nf6 2. c4 e6 3. Nf3 d5 4. g3 Be7 5. Bg2 0-0 6. 0-0 c5 7. Qc2 Nbd7 8. Rd1 b6 9. b3 Bb7 10. cxd5 Bxd5 11. Nc3 cxd4 12. Nxd5 Nxd5 13. Nxd4 Rc8 14. Nc6 Nb4 15. Nxe7+ Qxe7 16. Qd2 Nf6 17. Ba3 a5 18. Bxb4 axb4 19. Qd6 Qa7 20. Qxb4 Rc2 21. Bf3 Rfc8 22. a4 h6 23. Rd6 Nd7 24. Rad1 R8c7 25. Qb5 R2c5 26. Qd3 Rc3 27. Qd4 e5 28. Qd5 R3c5 29. Qe4 g6 30. Qg4 Nf8 31. Bd5 Kg7 32. Qe4 Re7 33. Bc4 Qc7 34. R6d5 Ne6 35. Rxc5 Nxc5 36. Qe3 Nxa4 37. bxa4 Qxc4 38. Qxb6 Qxa4 39. Qd6 Qa7 40. h4 h5 41. Qd5 Qb7 42. Qd6 Qc7 43. Qd2 e4 44. Qd4+ Qe5 45. Qe3 Qe6 46. Kg2 Qe5 47. Rd2 Qf6 48. Rd5 Qe6 49. Qd4+ Qf6 50. Qe3 Qe6 51. Rb5 Qc6 52. Rb6 Qd5 53. Qc3+ Qe5 54. Qe3 Kg8 55. Qb3 Kg7 56. Rb5 Qe6 57. Qb2+ Qf6 58. Qxf6+ Kxf6 59. f4 exf3+ 60. Kxf3 Re6 61. e3 Ra6 62. Kf4 Rc6 63. e4 Re6 64. Rb7 Kg7 65. e5 Re8 66. Rd7 Re6 67. Ke4 Ra6 68. Kd5 Ra5+ 69. Ke4 Ra6 70. Rc7 Kf8 71. Kf4 Re6 72. Rb7 Kg8 73. Ra7 Kf8 74. Rd7 Kg8 75. Rd6 Re7 76. Ke4 Kg7 77. Kd5 Re8 78. e6 fxe6+ 79. Rxe6 Rf8 80. Ke4 Rf1 81. Ra6 Re1+ 82. Kf4 Rf1+ 83. Ke3 Re1+ 84. Kf2 Re7 85. Rb6 Rf7+ 86. Ke3 Rf1 87. Rb5 Kf6 88. Rb8 Kg7 89. Rb4 Rf7 90. Ke4 Re7+ 91. Kf3 Rf7+ 92. Ke3 Kh6 93. Rf4 Re7+ 94. Kf3 Re6 95. Ra4 Rf6+ 96. Rf4 Re6 97. Re4 Rf6+ 98. Ke3 g5 99. hxg5+ Kxg5 100. Ra4 Re6+ 101. Kf3 Rf6+ 102. Kg2 Rf5 103. Kh3 Rb5 104. Ra8 Rb4 105. Rg8+ Kh6 106. Kg2 Rc4 107. Kf3 Rb4 108. Rf8 Kg6 109. Ra8 Kg5 110. Ra5+ Kg6 111. Re5 Ra4 112. Re6+ Kg5 113. Re8 Ra3+ 114. Kg2 Ra4 115. Rg8+ Kh6 116. Kh3 1/2-1/2

[Event "World-chT Rapid"]
[Site "Dusseldorf"]
[Date "2023.08.26"]
[Round "3.6"]
[White "Levin, Felix"]
[Black "Stegert, Jonas"]
[Result "1-0"]
[WhiteElo "2459"]
[BlackElo "1832"]
[PlyCount "59"]
[EventDate "2023.08.26"]
[EventType "team-swiss (rapid)"]
[EventRounds "12"]
[EventCountry "GER"]
[SourceTitle "CBM 215 Extra"]
[Source "ChessBase"]
[SourceDate "2023.09.30"]
[SourceVersion "1"]
[SourceVersionDate "2023.09.30"]
[SourceQuality "1"]
[WhiteTeam "Duesseldorf"]
[BlackTeam "Kiel Doppelbauer"]
[WhiteTeamCountry "GER"]
[BlackTeamCountry "GER"]

1. d4 d5 2. Nf3 Nf6 3. c4 c6 4. Qc2 e6 5. g3 Bb4+ 6. Nbd2 0-0 7. Bg2 dxc4 8. 0-0 b5 9. b3 cxb3 10. Nxb3 Bb7 11. Bd2 Bxd2 12. Qxd2 Nbd7 13. Rfc1 Rc8 14. Qb2 Qe7 15. Rc2 c5 16. dxc5 Nxc5 17. Qa3 Nfd7 18. Rac1 Rc7 19. Nfd4 Bxg2 20. Kxg2 Qd6 21. f3 a6 22. Nxc5 Qxd4 23. Nb3 Qe3 24. Rxc7 Qxe2+ 25. Kh3 Ne5 26. Rc8 h5 27. Rxf8+ Kh7 28. Nd4 Qd2 29. Qc3 g5 30. Qxd2 1-0

[Event "World-chT Rapid"]
[Site "Dusseldorf"]
[Date "2023.08.26"]
[Round "1.4"]
[White "Stegert, Jonas"]
[Black "Sargsyan, Shant"]
[Result "0-1"]
[WhiteElo "1832"]
[BlackElo "2639"]
[PlyCount "58"]
[EventDate "2023.08.26"]
[EventType "team-swiss (rapid)"]
[EventRounds "12"]
[EventCountry "GER"]
[SourceTitle "CBM 215 Extra"]
[Source "ChessBase"]
[SourceDate "2023.09.30"]
[SourceVersion "1"]
[SourceVersionDate "2023.09.30"]
[SourceQuality "1"]
[WhiteTeam "Kiel Doppelbauer"]
[BlackTeam "Armenia"]
[WhiteTeamCountry "GER"]
[BlackTeamCountry "ARM"]

1. d4 Nf6 2. Nf3 g6 3. g3 Bg7 4. Bg2 d6 5. 0-0 0-0 6. Nbd2 Nc6 7. c3 e5 8. dxe5 dxe5 9. e4 a5 10. Qc2 Qe7 11. Nc4 Rd8 12. a4 b6 13. Be3 Ba6 14. b3 Ng4 15. Bc1 h6 16. h3 Nf6 17. Re1 Bxc4 18. bxc4 Qe6 19. Bf1 Bf8 20. Be3 Nb8 21. Red1 Na6 22. Rxd8 Rxd8 23. Rd1 Rxd1 24. Qxd1 Nxe4 25. Qd8 g5 26. Bd3 Nec5 27. Nxg5 Qd6 28. Bh7+ Kg7 29. Qc8 hxg5 0-1

[Event "World-chT Rapid"]
[Site "Dusseldorf"]
[Date "2023.08.26"]
[Round "2.16"]
[White "Teuffer, Michael"]
[Black "Stegert, Jonas"]
[Result "0-1"]
[WhiteElo "2189"]
[BlackElo "1832"]
[PlyCount "44"]
[EventDate "2023.08.26"]
[EventType "team-swiss (rapid)"]
[EventRounds "12"]
[EventCountry "GER"]
[SourceTitle "CBM 215 Extra"]
[Source "ChessBase"]
[SourceDate "2023.09.30"]
[SourceVersion "1"]
[SourceVersionDate "2023.09.30"]
[SourceQuality "1"]
[WhiteTeam "Neustadt Weinstrasse"]
[BlackTeam "Kiel Doppelbauer"]
[WhiteTeamCountry "GER"]
[BlackTeamCountry "GER"]

1. d4 d5 2. Nc3 Nf6 3. Bg5 Bf5 4. f3 h6 5. Bh4 c5 6. e4 dxe4 7. d5 Nbd7 8. Bxf6 exf6 9. fxe4 Bh7 10. Nf3 Bd6 11. Bb5 0-0 12. 0-0 Ne5 13. Be2 Re8 14. Nd2 a6 15. a4 Qc7 16. g3 Rab8 17. Kg2 c4 18. Bf3 b5 19. axb5 axb5 20. Re1 Re7 21. Ra6 b4 22. Ncb1 Rbe8 0-1

[Event "Kiel op 35th"]
[Site "Kiel"]
[Date "2023.07.30"]
[Round "3"]
[White "Boehme, Arne"]
[Black "Stegert, Jonas"]
[Result "1/2-1/2"]
[WhiteElo "2153"]
[BlackElo "1832"]
[PlyCount "40"]
[EventDate "2023.07.29"]
[EventType "swiss"]
[EventRounds "9"]
[EventCountry "GER"]
[SourceTitle "CBM 215 Extra"]
[Source "ChessBase"]
[SourceDate "2023.09.30"]
[SourceVersion "1"]
[SourceVersionDate "2023.09.30"]
[SourceQuality "1"]

1. e4 e5 2. Nf3 Nf6 3. Nxe5 d6 4. Nf3 Nxe4 5. d4 d5 6. Bd3 Bd6 7. 0-0 0-0 8. c4 c6 9. Nc3 Nxc3 10. bxc3 dxc4 11. Bxc4 Bf5 12. a4 Nd7 13. a5 b5 14. axb6 axb6 15. Rxa8 Qxa8 16. Nh4 Bb1 17. Re1 Re8 18. Bd2 Rxe1+ 19. Bxe1 Ba2 20. Bxa2 Qxa2 1/2-1/2

[Event "GER-ch U25-A"]
[Site "Willingen"]
[Date "2023.05.31"]
[Round "6"]
[White "Meyer, Emil"]
[Black "Stegert, Jonas"]
[Result "0-1"]
[WhiteElo "1825"]
[BlackElo "1838"]
[PlyCount "80"]
[EventDate "2023.05.27"]
[EventType "swiss"]
[EventRounds "9"]
[EventCountry "GER"]
[SourceTitle "CBM 214 Extra"]
[Source "ChessBase"]
[SourceDate "2023.07.31"]
[SourceVersion "1"]
[SourceVersionDate "2023.07.31"]
[SourceQuality "1"]

1. e4 e5 2. Nf3 Nf6 3. Nxe5 d6 4. Nf3 Nxe4 5. Nc3 Nxc3 6. dxc3 Be7 7. Bf4 Nc6 8. Qd2 Be6 9. 0-0-0 Qd7 10. h4 Bf6 11. Kb1 0-0-0 12. Ng5 Bf5 13. Be2 h6 14. Nf3 Kb8 15. Nd4 Nxd4 16. cxd4 d5 17. Be5 Qe7 18. Bxf6 Qxf6 19. Bf3 Rhe8 20. h5 Be4 21. Bxe4 Rxe4 22. f3 Re6 23. Rde1 Rde8 24. Rxe6 Qxe6 25. Kc1 Kc8 26. Kd1 Kd7 27. Qd3 c6 28. c3 Qe3 29. Qxe3 Rxe3 30. Kd2 Re6 31. g4 Ke7 32. Re1 Rxe1 33. Kxe1 f5 34. Kf2 Kf6 35. Kg3 Kg5 36. b3 b6 37. a3 b5 38. a4 a5 39. Kf2 fxg4 40. fxg4 bxa4 0-1